Central Library OPAC University of Rajshahi

জীবন নদীর মোহনা / (Record no. 83948)

MARC details
000 -LEADER
fixed length control field 00782nam a2200229 a 4500
001 - CONTROL NUMBER
control field 83948
003 - CONTROL NUMBER IDENTIFIER
rucl marc code BD-RjUL
005 - DATE AND TIME OF LATEST TRANSACTION
control field 20240701113159.0
008 - FIXED-LENGTH DATA ELEMENTS--GENERAL INFORMATION
fixed length control field 240701s2023 bg ||||| |||| 00| 0 ben d
020 ## - INTERNATIONAL STANDARD BOOK NUMBER
International Standard Book Number 9789849681663
035 ## - SYSTEM CONTROL NUMBER
System control number (BD-RjUL)83948
040 ## - CATALOGING SOURCE
Original cataloging agency BD-RjUL
Language of cataloging eng
Transcribing agency BD-RjUL
041 ## - LANGUAGE CODE
Language code of text/sound track or separate title ben
082 ## - DEWEY DECIMAL CLASSIFICATION NUMBER
Edition number 23
Classification number 355.0092
Author mark and year ALJ 2023
100 ## - MAIN ENTRY--PERSONAL NAME
Personal name আলী, মোঃ আফসার
245 ## - TITLE STATEMENT
Title জীবন নদীর মোহনা /
Statement of responsibility, etc. মোঃ আফসার আলী
260 ## - PUBLICATION, DISTRIBUTION, ETC. (IMPRINT)
Place of publication, distribution, etc. ঢাকা :
Name of publisher, distributor, etc. ছায়াবীথি,
Date of publication, distribution, etc. ২০২৩
300 ## - PHYSICAL DESCRIPTION
Pagination ২০৮ পৃ.;
Size ২২ সেমি.
600 ## - SUBJECT ADDED ENTRY--PERSONAL NAME
Personal name আলী, মোঃ আফসার
General subdivision জীবনী
650 ## - SUBJECT ADDED ENTRY--TOPICAL TERM
Topical term or geographic name as entry element Ali, Md. Afsar Ali, Md. Afsar
General subdivision Biography
9 (RLIN) 13416
942 ## - ADDED ENTRY ELEMENTS (KOHA)
Source of classification or shelving scheme Dewey Decimal Classification
Koha item type Books
Holdings
Lost status Source of classification or shelving scheme Damaged status Not for loan Collection code Permanent Location Current Location Shelving location Date acquired Source of acquisition Cost, normal purchase price Total Checkouts Full call number Date last seen Copy number Koha item type
  Dewey Decimal Classification   Not For Loan Non-fiction Central Library, University of Rajshahi Central Library, University of Rajshahi Reading Room 12/04/2024 Author 500.00   B 355.0092 ALJ 2023 01/07/2024 C-1 Books
  Dewey Decimal Classification     Non-fiction Central Library, University of Rajshahi Central Library, University of Rajshahi General Stacks 04/11/2024 Author 500.00   B 355.0092 ALJ 2023 05/11/2024 C-2 Books